000 00266 a2200109 4500
001 50653
040 _cAnchieta - Pituba
240 1 0 _aDeutsch Mit Grips 3
_l
245 1 0 _aDeutsch Mit Grips 3
650 4 _aLínguas germânicas (teutônicas) língua alemã
942 _cMU
999 _c50653
_d50653